Dead witch walking (Record no. 39453)

MARC details
000 -LEADER
fixed length control field 00524nam a2200157 a 4500
008 - FIXED-LENGTH DATA ELEMENTS--GENERAL INFORMATION
fixed length control field 160816s2012 ||||||||||||||||| || u
020 ## - INTERNATIONAL STANDARD BOOK NUMBER
International Standard Book Number 9780007459759
050 ## - LIBRARY OF CONGRESS CALL NUMBER
Classification number PS 3608.A783D42
100 ## - MAIN ENTRY--PERSONAL NAME
Personal name Harrison, Kim
245 10 - TITLE STATEMENT
Title Dead witch walking
Statement of responsibility, etc. By Kim Harrison
260 ## - PUBLICATION, DISTRIBUTION, ETC.
Place of publication, distribution, etc. London
Name of publisher, distributor, etc. Harper Voyager
Date of publication, distribution, etc. 2012
300 ## - PHYSICAL DESCRIPTION
Extent 328p.
350 ## - PRICE (NR) (BK AM CF MU VM SE) [OBSOLETE]
Price 12.30
650 ## - SUBJECT ADDED ENTRY--TOPICAL TERM
Topical term or geographic name entry element ENGLISH LANGUAGE
995 ## - RECOMMENDATION 995 [LOCAL, UNIMARC FRANCE]
-- CBU-MAIN LIBRARY (Kitwe)
-- 12.30
-- 1
-- AVAILABLE
-- Sep 26, 2016
-- Fiction Collection
Holdings
Withdrawn status Lost status Source of classification or shelving scheme Damaged status Not for loan Home library Current library Shelving location Date acquired Total Checkouts Full call number Barcode Date last seen Price effective from Koha item type
          CBU-MAIN LIBRARY, KITWE. CBU-MAIN LIBRARY, KITWE.   11/30/2022   PS 3608.A783D42 746767 11/30/2022 11/30/2022 MONOGRAPH